[Celostní management]
Recenzia na publikáciu autorov J. Porvazníka a J. Ladovú - Celostní management. Publikácia vychádza už vo svojom štvrtom vydaní. Dve vydania sa realizovali v slovenčine s jedným paralelným v angličtine a dve v češtine. Publikácia je cenným prínosom pre manažérsku prácu ako v Českej republike, tak a...
Salvato in:
| Autore principale: | |
|---|---|
| Natura: | Capitolo di libro |
| Lingua: | slovacco |
| Soggetti: | |
| Tags: |
Nessun Tag, puoi essere il primo ad aggiungerne!!
|
MARC
| LEADER | 00000naa$a2200000$$$4500 | ||
|---|---|---|---|
| 001 | 0115103 | ||
| 005 | 20231011094323.6 | ||
| 041 | 0 | |a slo | |
| 044 | |a SK | ||
| 245 | 1 | 0 | |a [Celostní management] |c František Lipták |
| 520 | |a Recenzia na publikáciu autorov J. Porvazníka a J. Ladovú - Celostní management. Publikácia vychádza už vo svojom štvrtom vydaní. Dve vydania sa realizovali v slovenčine s jedným paralelným v angličtine a dve v češtine. Publikácia je cenným prínosom pre manažérsku prácu ako v Českej republike, tak aj na Slovensku. | ||
| 610 | 2 | 0 | |a manažment |
| 610 | 2 | 0 | |a riadenie podnikové |
| 610 | 2 | 0 | |a recenzie |
| 100 | 1 | |a Lipták, František | |